A new catalog of music for small orchestra

Saved in:
Bibliographic Details
Main Authors: Saltonstall, Cecilia D (Author), Saltonstall, Henry (Author)
Format: Book
Language:English
Published: Clifton Park European American Music Corporation 1981
Series:Music Indexes and Bibliographies, 14
Subjects:
Tags: Add Tag
No Tags, Be the first to tag this record!

MARC

LEADER 00000nam a2200000 a 4500
001 UCN1131
003 CL-VaPUC
008 010420e19810000us |||||||||||||||||eng|d
082 0 4 |a 016.7843  |b SAL  |2 21 
100 0 |a Saltonstall, Cecilia D  |e author  |9 456550 
700 0 |a Saltonstall, Henry  |e author  |9 456551 
245 1 2 |a A new catalog of music for small orchestra 
300 |a 323 p 
942 |c BK 
945 |d 20010420 00:00:00  |a crobeson 
260 |a Clifton Park  |b European American Music Corporation  |c 1981 
650 0 |a Catálogos  |9 256258 
650 7 |a MUSICA BIBLIOGRAFIAS  |2 CL-VaPUC  |9 306612 
650 0 |a Orquesta de cámara  |9 456552 
583 |a last modification  |c 20150507 03:51:08  |k Rodrigo Vera 
490 0 |a Music Indexes and Bibliographies, 14 
999 |c 294708  |d 294706 
952 |0 0  |1 0  |4 0  |6 016_784300000000000_SAL_1981  |7 0  |8 F  |9 347406  |a BIBEDU  |b BIBEDU  |d 2019-11-20  |i 1248405  |o 016.7843 SAL 1981  |p 1248405  |r 2023-01-12  |w 2019-11-20  |y BK_F  |k MUS